000
00332nam a22001337a 4500
008
170605b xxu||||| |||| 00| 0 eng d
020
_a
9780760713501
041
_a
eng
080
_a
94
100
_a
18
101
_a
SHH
245
_a
THE AMNABLE QUESTION A HISTORY ANGLO IRISH RELATIONS
_c
DANGERFIELD.G
942
_2
udc
_c
BK
999
_c
15940
_d
15940